ბათუმის შოთა რუსთაველის სახელმწიფო უნივერსიტეტის ბიბლიოთეკა

ნარკვევები პოლიტიკურ მოძღვრებათა ისტორიიდან. წ. 1 : (ბიბ.ჩანაწერი № 56140)

000 -ლიდერი
ფიქსირებული სიგრძის საკონტროლო ველი 01447nam a2200265Ia 4500
001 - საკონტროლო ნომერი
საკონტროლო ველი 23241
003 - საკონტროლო ნომრის იდენტიფიკატორი
საკონტროლო ველი GE_BSU
005 - ბოლო ოპერაციის თარიღი და დრო
საკონტროლო ველი 20251112200152.0
008 - ფიქსირებული სიგრძის მონაცემთა ელემენტები - ზოგადი ინფორმაცია
ფიქსირებული სიგრძის საკონტროლო ველი 181216s1975||||ge |||||||||||||| ||geo||
040 ## - კატალოგიზაციის წყარო
Transcribing agency GE_BSU
041 ## - ენის კოდი
Language code of text/sound track or separate title geo
080 ## - უნივერსალური ათობითი კლასიფიკაციის ინდექსი
Universal Decimal Classification number 32.001(09) + 316.323.3(3-11) ა-13
100 ## - მთავარი ჩანაწერი - პიროვნების სახელი
Personal name აბაშმაძე, ვახტანგ
9 (RLIN) 26205
245 ## - ცნობა სათაურის შესახებ
Title ნარკვევები პოლიტიკურ მოძღვრებათა ისტორიიდან. წ. 1 :
Remainder of title მონათმფლობელური ეპოქა : ძველი აღმოსავლეთი /
Statement of responsibility, etc ვახტანგ აბაშმაძე ; რედ. ნ. ლომოური.
264 ## - წარმოების, გამოცემის, დისტრიბუციის და სხვა ცნობები
გამოცემის, წარმოების, დისტრიბუციის... ადგილი თბილისი :
გამოცემის, წარმოების, დისტრიბუციის... სახელწოდება თბილ. უნ-ტის გამ-ბა,
გამოცემის, წარმოების, დისტრიბუციის... თარიღი 1975.
300 ## - ფიზიკური აღწერა
Extent 248 გვ. ;
Dimensions 23 სმ.
500 ## - ზოგადი შენიშვნა
General note პარალ. სათ. რუს. და ინგლ. ენ.
520 ## - SUMMARY, ETC.
Summary, etc რეზიუმე რუსულ და გერმანულ ენებზე
653 ## - INDEX TERM--UNCONTROLLED
Uncontrolled term ნარკვევები პოლიტიკურ მოძღვრებათა ისტორიიდან
653 ## - INDEX TERM--UNCONTROLLED
Uncontrolled term წ. 1 : მონათმფლობელური ეპოქა
653 ## - INDEX TERM--UNCONTROLLED
Uncontrolled term ძველი აღმოსავლეთი
700 ## - ADDED ENTRY--PERSONAL NAME
Personal name ლომოური, ნ.
Relator term რედაქტორი
9 (RLIN) 26206
942 ## - ADDED ENTRY ELEMENTS (KOHA)
Koha item type წიგნი
Source of classification or shelving scheme
ეგზემპლარები
ჩამოწერის სტატუსი დაკარგული ეგზემპლარის სტატუსი კლასიფიკაციის წყარო ან თაროზე გაწყობის სქემა დაზიანების სტატუსი არ გაიცემა მუდმივი მდებარეობა (დაცვის ადგილი) ამჟამინდელი ადგილსამყოფელი თაროზე განთავსების ადგილი შეძენის თარიღი ღირებულება, შესყიდვის ნორმალური ფასი სრული შენახვის შიფრი შტრიხკოდი ბოლო ოპერაციის თარიღი ეგზემპლარის მიმდევრობითი ნომერი (კეტერი?) ფასის ძალაში შესვლის თარიღი ეგზემპლარის სახეობა საჯარო შენიშვნა
          ბათუმის შოთა რუსთაველის სახელმწიფო უნივერსიტეტის მთავარი ბიბლიოთეკა ბათუმის შოთა რუსთაველის სახელმწიფო უნივერსიტეტის მთავარი ბიბლიოთეკა წიგნსაცავი 2018-12-17 4.00 32.001(09) + 316.323.3(3-11) ა-13 28235 2018-12-17 28235 2018-12-17 წიგნი 4.00 ₾.